Dawson's Creek characters by last name - Statistics

General Stats
  • This quiz has been taken 137 times
    136 since last reset
  • The average score is 10 of 22
Answer Stats
Hint Answer % Correct
Leery Dawson
100%
Potter Josephine "Joey"
99%
Lindley Jen
96%
Witter Pacey
96%
McPhee Jack
91%
McPhee Andie
87%
Potter Bessie
71%
Morgan Abby
53%
Witter Doug
53%
Jacobs Tamara
42%
Liddell Audrey
35%
Valentine Drue
27%
Ryan Evelyn "Grams"
26%
Parker Henry
24%
Doling Eddie
15%
Todd Charlie
14%
Rinaldi Rich
12%
Carr Todd
12%
Elliot Cliff
9%
Wilder David
8%
Kelly Natasha
6%
Heston Harley
4%
No matching quizzes found
Score Distribution
Percent of People with Each Score
Percentile by Number Answered
Your Score History
You have not taken this quiz since the last reset